Fr. Conceicao Rodrigues College of Engineering

Core python programming (Record no. 25847)

MARC details
000 -LEADER
fixed length control field 00326nam a2200169Ia 4500
082 ## - DEWEY DECIMAL CLASSIFICATION NUMBER
Item number RAO
100 ## - MAIN ENTRY--PERSONAL NAME
Personal name Rao/Nageswara R
245 ## - TITLE STATEMENT
Title Core python programming
260 ## - PUBLICATION, DISTRIBUTION, ETC.
Name of publisher, distributor, etc. Dreamtech
Date of publication, distribution, etc. 2017
366 ## - TRADE AVAILABILITY INFORMATION
Publishers's discount category 20
300 ## - PHYSICAL DESCRIPTION
Extent 715
546 ## - LANGUAGE NOTE
Language note ENGLISH
650 ## - SUBJECT ADDED ENTRY--TOPICAL TERM
Topical term or geographic name entry element Python
654 ## - SUBJECT ADDED ENTRY--FACETED TOPICAL TERMS
Focus term python
942 ## - ADDED ENTRY ELEMENTS (KOHA)
Koha item type BOOK
Holdings
Withdrawn status Lost status Damaged status Not for loan Collection Home library Current library Date acquired Source of acquisition Cost, normal purchase price Inventory number Total Checkouts Full call number Barcode Date last seen Cost, replacement price Price effective from Koha item type
        CRC Fr. Agnel's C.Rodrigues College of Engineering Fr. Agnel's C.Rodrigues College of Engineering 17/03/2023 Allied Publisher 479.20 460 dt 1.8.2017   RAO 24860 17/03/2023 599.00   BOOK
        CRC Fr. Agnel's C.Rodrigues College of Engineering Fr. Agnel's C.Rodrigues College of Engineering 17/03/2023 Allied Publisher 479.20 460 dt 1.8.2017   RAO 24861 17/03/2023 599.00   BOOK
        CRC Fr. Agnel's C.Rodrigues College of Engineering Fr. Agnel's C.Rodrigues College of Engineering 17/03/2023 Allied Publisher 479.20 460 dt 1.8.2017   RAO 24862 17/03/2023 599.00   BOOK